000 00820cam a2200265 a 4500
008
020 _a0582356911 (pbk.)
049 _aMAIN
090 0 _aQC174.12
_bBRA.
100 1 _aBransden, B.H.
245 1 0 _aQuantum mechanics /
_cB.H. Bransden and C.J. Joachain.
250 _a2nd ed.
260 _aHarlow, England ;
_aNew York :
_bPrentice Hall,
_c2000.
300 _axiv, 803 p. :
_bill. ;
_c24 cm.
504 _aIncludes bibliographical references.
500 _aIncludes index.
650 0 _aQuantum theory.
700 1 _aJoachain, C. J.
_q(Charles Jean)
700 1 _aBransden, B. H.
_tIntroduction to quantum mechanics.
907 _a.b10293929
_b10-05-12
_c29-03-11
003
005 20230123125212.0
040 _cNUST
942 _cBOOKS
_kQC174.12
_mBRA.
999 _c137468
_d137468